000 00480nam a2200181Ia 4500
001 23868
005 20260414151006.0
008 260414t2017||||xx |||||||||||||| ||spa||
041 _aESP
082 _a720.284
_bC235A
110 _aCenter for Technical Knowledge
245 0 _aAutodesk revit 2018 BIM management :
_btemplate and family creation
260 _c2017
300 _avarias paginaciones :
_c24 cm.
650 _aABD
654 _aCAU
942 _cLIB
_dJUS
_fJUS
_2ddc
_n
999 _c23868
_d23868